MARC details
| 000 -LEADER |
| fixed length control field |
01595cam a2200397 i 4500 |
| 005 - DATE AND TIME OF LATEST TRANSACTION |
| control field |
20260304140325.0 |
| 020 ## - INTERNATIONAL STANDARD BOOK NUMBER |
| International Standard Book Number |
9780553535310 (paperback) |
| 020 ## - INTERNATIONAL STANDARD BOOK NUMBER |
| International Standard Book Number |
9780553535280 (hardcover) |
| 020 ## - INTERNATIONAL STANDARD BOOK NUMBER |
| International Standard Book Number |
9780553535297 (library binding) |
| 020 ## - INTERNATIONAL STANDARD BOOK NUMBER |
| Canceled/invalid ISBN |
9780525581666 (ebook) |
| 040 ## - CATALOGING SOURCE |
| Original cataloging agency |
DLC |
| Language of cataloging |
eng |
| Transcribing agency |
DLC |
| Description conventions |
rda |
| Modifying agency |
DLC |
| 050 00 - LIBRARY OF CONGRESS CALL NUMBER |
| Classification number |
PZ7.1.H368 |
| Item number |
Gir 2018 |
| 082 00 - DEWEY DECIMAL CLASSIFICATION NUMBER |
| Classification number |
[Fic] |
| Edition number |
23 |
| 100 1# - MAIN ENTRY--PERSONAL NAME |
| Personal name |
Hargrave, Kiran Millwood, |
| Dates associated with a name |
1990- |
| Relator term |
author. |
| 245 14 - TITLE STATEMENT |
| Title |
The girl of ink and stars / |
| Statement of responsibility, etc. |
Kiran Millwood Hargrave. |
| 250 ## - EDITION STATEMENT |
| Edition statement |
First Yearling edition. |
| 260 ## - PUBLICATION, DISTRIBUTION, ETC. |
| Place of publication, distribution, etc. |
Frome : |
| Name of publisher, distributor, etc. |
Chicken House, |
| Date of publication, distribution, etc. |
2016 |
| 300 ## - PHYSICAL DESCRIPTION |
| Extent |
218 pages : |
| Other physical details |
illustrations, maps ; |
| Dimensions |
20 cm |
| 500 ## - GENERAL NOTE |
| General note |
Originally published as The cartographer's daughter in 2016. |
| 505 ## - FORMATTED CONTENTS NOTE |
| Formatted contents note |
M |
| 520 ## - SUMMARY, ETC. |
| Summary, etc. |
When a series of mysterious deaths shakes her island community, thirteen-year-old Isabella, daughter to the island's only mapmaker, leads a party of explorers into the forest, where legends Isabella has grown up with show signs of coming to life. |
| 521 ## - TARGET AUDIENCE NOTE |
| Target audience note |
710 <br/> |
| Source |
Lexile HL |
| 521 ## - TARGET AUDIENCE NOTE |
| Target audience note |
M <br/> |
| Source |
Raz-Plus |
| 650 #1 - SUBJECT ADDED ENTRY--TOPICAL TERM |
| Topical term or geographic name entry element |
Islands |
| Form subdivision |
Fiction. |
| 650 #1 - SUBJECT ADDED ENTRY--TOPICAL TERM |
| Topical term or geographic name entry element |
Mythology |
| Form subdivision |
Fiction. |
| 650 #1 - SUBJECT ADDED ENTRY--TOPICAL TERM |
| Topical term or geographic name entry element |
Cartography |
| Form subdivision |
Fiction. |
| 650 #1 - SUBJECT ADDED ENTRY--TOPICAL TERM |
| Topical term or geographic name entry element |
Maps |
| Form subdivision |
Fiction. |
| 650 #1 - SUBJECT ADDED ENTRY--TOPICAL TERM |
| Topical term or geographic name entry element |
Friendship |
| Form subdivision |
Fiction. |
| 650 #1 - SUBJECT ADDED ENTRY--TOPICAL TERM |
| Topical term or geographic name entry element |
Adventure and adventurers |
| Form subdivision |
Fiction. |
| 650 #7 - SUBJECT ADDED ENTRY--TOPICAL TERM |
| Topical term or geographic name entry element |
JUVENILE FICTION / Action & Adventure / General. |
| Source of heading or term |
bisacsh |
| 650 #7 - SUBJECT ADDED ENTRY--TOPICAL TERM |
| Topical term or geographic name entry element |
JUVENILE FICTION / Legends, Myths, Fables / General. |
| Source of heading or term |
bisacsh |
| 650 #7 - SUBJECT ADDED ENTRY--TOPICAL TERM |
| Topical term or geographic name entry element |
JUVENILE FICTION / Animals / Mythical. |
| Source of heading or term |
bisacsh |
| 906 ## - LOCAL DATA ELEMENT F, LDF (RLIN) |
| a |
7 |
| b |
cbc |
| c |
orignew |
| d |
1 |
| e |
ecip |
| f |
20 |
| g |
y-gencatlg |
| 942 ## - ADDED ENTRY ELEMENTS (KOHA) |
| Source of classification or shelving scheme |
Dewey Decimal Classification |
| Koha item type |
Books |
| Suppress in OPAC |
No |
| 999 ## - |
| -- |
1783 |
| -- |
1783 |